Investigaciones lógicas

Saved in:
Bibliografiske detaljer
Hovedforfatter: Husserl, Edmund (Author)
Format: Bog
Sprog:spansk
Udgivet: Madrid Alianza 1982
Serier:Alianza universidad
Fag:
Tags: Tilføj Tag
Ingen Tags, Vær først til at tagge denne postø!

MARC

LEADER 00000nam a2200000 a 4500
001 UCZ2104
003 CL-VaPUC
008 950926e19820000SP |||||||||||||||||spa|d
082 0 4 |a 142.7  |b HUS  |2 21 
100 |a Husserl, Edmund   |e author  |9 197 
245 1 0 |a Investigaciones lógicas 
300 |a 2 v 
942 |c BK 
945 |d 19950926 00:00:00  |a cmena 
260 |a Madrid  |b Alianza  |c 1982 
650 0 |a Lógica  |9 256849 
650 7 |a CONOCIMIENTO  |2 CL-VaPUC  |9 308991 
650 0 |a Fenomenología  |9 256519 
650 7 |a ESTRUCTURA DEL CONOCIMIENTO  |2 CL-VaPUC  |9 335304 
650 0 |a Epistemología   |9 264994 
583 |a last modification  |c 19950926 00:00:00  |k Rodrigo Vera 
490 0 |a Alianza universidad 
999 |c 238754  |d 238752 
952 |0 0  |1 0  |4 0  |6 142_700000000000000_HUS_1982  |7 0  |8 A  |9 249199  |a BIBEDU  |b BIBEDU  |d 2019-11-18  |h v.1  |i 1564153  |o 142.7 HUS 1982  |p 1564153  |r 2019-11-18  |w 2019-11-18  |y BK  |k FIL 
952 |0 0  |1 0  |4 0  |6 142_700000000000000_HUS_1982  |7 0  |8 A  |9 249200  |a BIBEDU  |b BIBEDU  |d 2019-11-18  |h v.2  |i 1564161  |l 3  |o 142.7 HUS 1982  |p 1564161  |r 2023-08-29  |s 2023-08-11  |w 2019-11-18  |y BK  |k FIL 
952 |0 0  |1 0  |4 0  |6 142_700000000000000_HUS_1982  |7 0  |8 A  |9 249201  |a FDOPOS  |b FDOPOS  |d 2019-11-18  |h v.1  |i 1318659  |o 142.7 HUS 1982  |p 1318659  |r 2025-01-22  |w 2019-11-18  |y BK  |k MLH 
952 |0 0  |1 0  |4 0  |6 142_700000000000000_HUS_1982  |7 0  |8 A  |9 249202  |a FDOPOS  |b FDOPOS  |d 2019-11-18  |h v.2  |i 1318705  |o 142.7 HUS 1982  |p 1318705  |r 2025-01-22  |w 2019-11-18  |y BK  |k MLH